<?xml version="1.0" encoding="UTF-8"?>
<collection xmlns="http://www.loc.gov/MARC21/slim">
 <record>
  <leader>05244nam a2200445 a 4500</leader>
  <controlfield tag="001">kal167</controlfield>
  <controlfield tag="003">Gr-AtHEAL</controlfield>
  <controlfield tag="005">20160421075943.0</controlfield>
  <controlfield tag="006">m        d        </controlfield>
  <controlfield tag="008">160413s2015    gr      s           gre|c</controlfield>
  <datafield tag="020" ind1=" " ind2=" ">
   <subfield code="a">9789606030239</subfield>
  </datafield>
  <datafield tag="040" ind1=" " ind2=" ">
   <subfield code="a">GR-AtHEAL</subfield>
   <subfield code="b">gre</subfield>
   <subfield code="c">GR-AtHEAL</subfield>
  </datafield>
  <datafield tag="082" ind1="0" ind2="4">
   <subfield code="a">889.09</subfield>
   <subfield code="2">23</subfield>
  </datafield>
  <datafield tag="100" ind1="1" ind2=" ">
   <subfield code="a">Καστρινάκη, Αγγέλα,</subfield>
   <subfield code="d">1961-</subfield>
  </datafield>
  <datafield tag="245" ind1="1" ind2="2">
   <subfield code="a">Η Λογοτεχνία στη Δεκαετία 1940-1950</subfield>
   <subfield code="h">[Ηλεκτρονικός πόρος] </subfield>
   <subfield code="c">Καστρινάκη, Αγγέλα ; Κριτικός αναγνώστης,Δασκαλά, Ευαγγελία ; Γραφιστική επιμέλεια,Μιαούλης, Παναγιώτης ; Τεχνική επιμέλεια,Μιαούλης, Παναγιώτη ; Γλωσσική επιμέλεια,Αποστολή, Περσία.</subfield>
  </datafield>
  <datafield tag="260" ind1=" " ind2=" ">
   <subfield code="a">Αθήνα :</subfield>
   <subfield code="b">Σύνδεσμος Ελληνικών Ακαδημαϊκών Βιβλιοθηκών,</subfield>
   <subfield code="c">c2015.</subfield>
  </datafield>
  <datafield tag="490" ind1=" " ind2=" ">
   <subfield code="a">Ακαδημαϊκά Ηλεκτρονικά Συγγράμματα και Βοηθήματα Κάλλιπος</subfield>
   <subfield code="8">40</subfield>
  </datafield>
  <datafield tag="520" ind1=" " ind2=" ">
   <subfield code="a">Το σύγγραμμα αποβλέπει να παρουσιάσει μια εικόνα της λογοτεχνικής παραγωγής αλλά και της στάσης του κόσμου των γραμμάτων κατά τα δύσκολα χρόνια της δεκαετίας 1940-1950. Τι είδους τέχνη παράγεται σε εποχή κρίσης, σε εποχή ακροτήτων; Η στράτευση και ο ενθουσιασμός στον πόλεμο του 1940, η απραξία στην πρώτη φάση της Κατοχής και η λογοτεχνία της φυγής, έπειτα η αφύπνιση και η αντίσταση. Η λογοτεχνία του «Δεκέμβρη», οι κοινοί τόποι της στρατευμένης τέχνης. Τα πρώτα μεταπολεμικά έργα: διηγήματα για την Κατοχή, μυθιστορήματα για τον πόλεμο, αφηγήματα διαμόρφωσης της προσωπικότητας, λυρική πεζογραφία, ιστορικό μυθιστόρημα. Οι διαμάχες και οι λανθάνουσες συγκλίσεις των παρατάξεων. Η κορύφωση των παθών κατά τον εμφύλιο και το ζήτημα της νομιμοποίησης της τέχνης την εποχή της βίας. Η λογοτεχνία του στρατοπέδου. Η άνθιση της γυναικείας λογοτεχνίας λόγω της νέας θέσης που αποκτά η γυναίκα στην κοινωνία μέσα από τη συμμετοχή της στα κοινά.Το σύγγραμμα εστιάζει στους κορυφαίους συγγραφείς ανεξάρτητα από τη γενιά στην οποία ανήκουν (από τον Σικελιανό έως τον Γιάννη Αγγελόγλου) και στα κορυφαία έργα (ποίηση, πεζό και δοκίμιο), ενώ ταυτόχρονα δείχνει τις τάσεις της εποχής μέσω της παρακολούθησης των καλλιτεχνικών μοτίβων που αναδύονται σε κάθε περίοδο: το «νησί»-ευτοπία στην α΄ φάση της Κατοχής, το «ταξίδι»-απελευθέρωση από τη συμβατικότητα (1944-1947), η «επιστροφή»-αναδίπλωση (1948-1950), κλπ. Επιπλέον παρουσιάζονται τα βασικά περιοδικά, τα καλλιτεχνικά ρεύματα και οι ιδεολογικές μετατοπίσεις.</subfield>
  </datafield>
  <datafield tag="650" ind1=" " ind2="0">
   <subfield code="a">Greek Literature, Modern</subfield>
   <subfield code="y">20th Century</subfield>
   <subfield code="x">History and criticism</subfield>
   <subfield code="8">1444</subfield>
  </datafield>
  <datafield tag="653" ind1=" " ind2=" ">
   <subfield code="a">Ιστορικό μυθιστόρημα</subfield>
  </datafield>
  <datafield tag="653" ind1=" " ind2=" ">
   <subfield code="a">Η εικόνα του Γερμανού</subfield>
  </datafield>
  <datafield tag="653" ind1=" " ind2=" ">
   <subfield code="a">Δεκεμβριανά</subfield>
  </datafield>
  <datafield tag="653" ind1=" " ind2=" ">
   <subfield code="a">Στρατευμένη λογοτεχνία</subfield>
  </datafield>
  <datafield tag="653" ind1=" " ind2=" ">
   <subfield code="a">Λογοτεχνία της εξορίας</subfield>
  </datafield>
  <datafield tag="653" ind1=" " ind2=" ">
   <subfield code="a">Λογοτεχνία της φυγής</subfield>
  </datafield>
  <datafield tag="653" ind1=" " ind2=" ">
   <subfield code="a">Υπαρξισμός</subfield>
  </datafield>
  <datafield tag="653" ind1=" " ind2=" ">
   <subfield code="a">Αντιστασιακή τεχνική</subfield>
  </datafield>
  <datafield tag="653" ind1=" " ind2=" ">
   <subfield code="a">Γυναικεία λογοτεχνία</subfield>
  </datafield>
  <datafield tag="653" ind1=" " ind2=" ">
   <subfield code="a">Λυρική πεζογραφία</subfield>
  </datafield>
  <datafield tag="653" ind1=" " ind2=" ">
   <subfield code="a">Β' παγκόσμιος πόλεμος</subfield>
  </datafield>
  <datafield tag="653" ind1=" " ind2=" ">
   <subfield code="a">Κατοχή</subfield>
  </datafield>
  <datafield tag="653" ind1=" " ind2=" ">
   <subfield code="a">Εμφύλιος πόλεμος</subfield>
  </datafield>
  <datafield tag="653" ind1=" " ind2=" ">
   <subfield code="a">Τέχνες και γράμματα</subfield>
   <subfield code="a">Φιλολογία</subfield>
   <subfield code="a">Νεοελληνική φιλολογία</subfield>
  </datafield>
  <datafield tag="653" ind1=" " ind2=" ">
   <subfield code="a">Νεοελληνική φιλολογία</subfield>
  </datafield>
  <datafield tag="700" ind1="1" ind2=" ">
   <subfield code="a">Δασκαλά, Ευαγγελία</subfield>
   <subfield code="e">Κριτικός αναγνώστης</subfield>
   <subfield code="8">66</subfield>
  </datafield>
  <datafield tag="856" ind1="4" ind2="0">
   <subfield code="u">http://hdl.handle.net/11419/167</subfield>
   <subfield code="z">Πλήρες Κείμενο - Full text</subfield>
  </datafield>
  <datafield tag="907" ind1=" " ind2=" ">
   <subfield code="a">.b25676982</subfield>
   <subfield code="b">12-06-18</subfield>
   <subfield code="c">29-07-16</subfield>
  </datafield>
  <datafield tag="949" ind1=" " ind2=" ">
   <subfield code="0">0</subfield>
   <subfield code="1">0</subfield>
   <subfield code="2">ddc</subfield>
   <subfield code="4">0</subfield>
   <subfield code="6">889_090000000000000_ΚΑΣ</subfield>
   <subfield code="7">0</subfield>
   <subfield code="8">KALL</subfield>
   <subfield code="8">456</subfield>
   <subfield code="d">2016-04-13</subfield>
   <subfield code="r">2016-04-13</subfield>
   <subfield code="w">2016-04-13</subfield>
   <subfield code="z">889.09 ΚΑΣ</subfield>
   <subfield code="o">SEAB KALLIPOS</subfield>
  </datafield>
  <datafield tag="998" ind1=" " ind2=" ">
   <subfield code="a">01</subfield>
   <subfield code="a">02</subfield>
   <subfield code="a">03</subfield>
   <subfield code="a">04</subfield>
   <subfield code="a">05</subfield>
   <subfield code="a">06</subfield>
   <subfield code="a">07</subfield>
   <subfield code="a">08</subfield>
   <subfield code="a">09</subfield>
   <subfield code="a">10</subfield>
   <subfield code="a">11</subfield>
   <subfield code="a">12</subfield>
   <subfield code="a">13</subfield>
   <subfield code="a">14</subfield>
   <subfield code="a">15</subfield>
   <subfield code="a">16</subfield>
   <subfield code="a">17</subfield>
   <subfield code="a">18</subfield>
   <subfield code="a">19</subfield>
   <subfield code="a">20</subfield>
   <subfield code="a">21</subfield>
   <subfield code="a">22</subfield>
   <subfield code="a">23</subfield>
   <subfield code="a">24</subfield>
   <subfield code="a">25</subfield>
   <subfield code="a">26</subfield>
   <subfield code="a">80</subfield>
   <subfield code="b">15-05-08</subfield>
   <subfield code="c">m</subfield>
   <subfield code="d">z  </subfield>
   <subfield code="e">-</subfield>
   <subfield code="f">gre</subfield>
   <subfield code="g">gr </subfield>
   <subfield code="h">2</subfield>
  </datafield>
  <datafield tag="942" ind1=" " ind2=" ">
   <subfield code="2">ddc</subfield>
   <subfield code="c">KALLIPOS</subfield>
  </datafield>
 </record>
</collection>
